Drought- resistant soils * Optimization of soil moisture for sustainablr plant production

Wedi'i Gadw mewn:
Manylion Llyfryddiaeth
Fformat: Llyfr
Iaith:Undetermined
Cyhoeddwyd: [Rome] FAO 2005
Pynciau:
Tagiau: Ychwanegu Tag
Dim Tagiau, Byddwch y cyntaf i dagio'r cofnod hwn!
Thư viện lưu trữ: Trung tâm Học liệu Trường Đại học Cần Thơ
LEADER 00473nam a2200169Ia 4500
001 CTU_120710
008 210402s9999 xx 000 0 und d
082 |a 631.432 
082 |b D788 
245 0 |a Drought- resistant soils * Optimization of soil moisture for sustainablr plant production 
245 0 |c FAO 
260 |a [Rome] 
260 |b FAO 
260 |c 2005 
650 |a Soil moisture 
904 |i M.Loan 
980 |a Trung tâm Học liệu Trường Đại học Cần Thơ